[Event "Calviá ol (Men)"]
[Site "Mallorca (Spain)"]
[Date "2004.10.15"]
[Round "1.29"]
[White "Gallagher, Joseph G"]
[Black "Lim, Yee-Weng"]
[Result "1/2-1/2"]
[WhiteElo "2543"]
[BlackElo "2346"]
[PlyCount "79"]
[EventDate "2004.10.15"]

1. e4 c5 2. Nf3 d6 3. c3 Nf6 4. Be2 Bd7 5. d3 g6 6. O-O Bg7 7. Re1 O-O 8. Bf1
Nc6 9. h3 e5 10. a3 b5 11. Bg5 h6 12. Be3 a6 13. Nbd2 Re8 14. b4 cxb4 15. axb4
d5 16. Bc5 Be6 17. exd5 Nxd5 18. Ne4 Qc7 19. Qd2 f5 20. Ng3 Red8 21. Ra3 a5 22.
d4 e4 23. Bxb5 axb4 24. Rxa8 Rxa8 25. cxb4 Rb8 26. Bxc6 Qxc6 27. Ne5 Qe8 28.
Ne2 Kh7 29. Nf4 Nxf4 30. Qxf4 Rb7 31. h4 h5 32. Qd2 Qd8 33. g3 Bxe5 34. Rd1 Bd6
35. d5 Bf7 36. Qd4 Rd7 37. Bb6 Bc7 38. Bxc7 Qxc7 39. d6 Qc6 40. Qe5 1/2-1/2

[Event "Calvia ol (Women)"]
[Site "Mallorca (Spain)"]
[Date "2004.10.15"]
[Round "1.16"]
[White "Paehtz, Elisabeth"]
[Black "Valickova, Martina"]
[Result "1-0"]
[WhiteElo "2398"]
[BlackElo "2076"]
[PlyCount "67"]
[EventDate "2004.10.15"]

1. e4 e5 2. Nf3 Nc6 3. Nc3 Nf6 4. a3 Be7 5. d4 exd4 6. Nxd4 O-O 7. Nxc6 bxc6 8.
e5 Ne8 9. Bd3 d6 10. Qe2 dxe5 11. Qxe5 Nf6 12. O-O Bd6 13. Qg5 Re8 14. Qh4 h6
15. h3 Bd7 16. Bd2 Re5 17. f4 Bc5+ 18. Kh1 Rh5 19. Qg3 Qc8 20. Be2 Bg4 21. Bxg4
Qxg4 22. Qxg4 Nxg4 23. Ne4 Bb6 24. a4 Re8 25. Rae1 Kf8 26. a5 Rxe4 27. Rxe4
Nf2+ 28. Rxf2 Bxf2 29. c4 Bg3 30. b4 Rf5 31. Be3 g5 32. Bxa7 Bxf4 33. g4 Rf6
34. Bd4 1-0

[Event "Calvia ol (Women)"]
[Site "Mallorca (Spain)"]
[Date "2004.10.15"]
[Round "1.16"]
[White "Dymshits, Galina"]
[Black "Nill, Jessica"]
[Result "0-1"]
[WhiteElo "2081"]
[BlackElo "2256"]
[PlyCount "90"]
[EventDate "2004.10.15"]

1. e4 c5 2. Nf3 e6 3. d4 cxd4 4. Nxd4 Nc6 5. Be3 Qc7 6. g3 a6 7. Bg2 Nf6 8. O-O
Ne5 9. h3 d6 10. b3 Bd7 11. c4 Rb8 12. f4 Ng6 13. Nd2 Be7 14. Rc1 O-O 15. Nb1
Rbd8 16. Nc3 Bc8 17. Kh2 Rfe8 18. Qf3 Bf8 19. Qf2 Nd7 20. Rfd1 Ne7 21. f5 Ne5
22. fxe6 fxe6 23. Rf1 N7g6 24. Rcd1 Rd7 25. Qe2 Rf7 26. Rxf7 Qxf7 27. Rf1 Qd7
28. Na4 Qd8 29. Bf3 Bd7 30. Nc3 Be7 31. Bh5 Bf6 32. Qd2 Rf8 33. Bxg6 Nxg6 34.
Nce2 Qe7 35. Kg2 b6 36. Nc3 Bc8 37. Na4 Bb7 38. Nc3 Ne5 39. Nf3 Nxf3 40. Rxf3
Bxc3 41. Qxc3 Bxe4 42. Bf4 e5 43. Kf2 Bxf3 44. Qxf3 exf4 45. Qd5+ Qf7 0-1

[Event "Calvia ol (Women)"]
[Site "Mallorca (Spain)"]
[Date "2004.10.15"]
[Round "1.16"]
[White "Mietzner, Tina"]
[Black "Melnik, Galina"]
[Result "1-0"]
[WhiteElo "2235"]
[BlackElo "2083"]
[PlyCount "133"]
[EventDate "2004.10.15"]

1. e4 e5 2. Nf3 Nf6 3. Nxe5 d6 4. Nf3 Nxe4 5. Nc3 Nf6 6. d4 Be7 7. Bf4 O-O 8.
Qd2 d5 9. O-O-O Bf5 10. a3 c6 11. Ne5 b5 12. Bd3 Bxd3 13. Nxd3 a5 14. f3 b4 15.
Na4 bxa3 16. b3 Nbd7 17. Ndc5 Nxc5 18. dxc5 Nd7 19. Be3 Rb8 20. Rhe1 Bf6 21.
Bd4 Rb4 22. Bc3 Bg5 23. Bxb4 Bxd2+ 24. Bxd2 h6 25. Kb1 d4 26. Bf4 Re8 27. Rxe8+
Qxe8 28. Rxd4 Nf6 29. Ka2 Qe2 30. Rd2 Qe1 31. Nb6 Qg1 32. c4 Qxc5 33. Na4 Qf5
34. Bd6 Qg5 35. Re2 Qc1 36. Bxa3 Qf4 37. h3 Nh5 38. Bb2 f6 39. Bc3 Qc7 40. Re4
Ng3 41. Re8+ Kh7 42. Ra8 Ne2 43. Bxa5 Qh2 44. Ka3 Qxg2 45. Rc8 Qxf3 46. Kb4 Nc1
47. Nc5 Nd3+ 48. Nxd3 Qxd3 49. Rxc6 Qxh3 50. c5 Qf3 51. Rb6 h5 52. c6 h4 53.
Ka3 Qf4 54. Rb5 Qc1+ 55. Kb4 Qxc6 56. Rh5+ Kg6 57. Rxh4 f5 58. Ka3 Qc1+ 59. Ka4
Qa1+ 60. Kb5 Qe5+ 61. Ka4 f4 62. b4 Qa1+ 63. Kb5 Kf5 64. Bb6 g5 65. Rh7 f3 66.
Bc5 Qf1+ 67. Kb6 1-0

[Event "Calvia ol (Women)"]
[Site "Mallorca (Spain)"]
[Date "2004.10.15"]
[Round "1.32"]
[White "Hund, Barbara"]
[Black "Elfelo, Khadija"]
[Result "1-0"]
[WhiteElo "2240"]
[BlackElo "1884"]
[PlyCount "83"]
[EventDate "2004.10.15"]

1. e4 c5 2. Nf3 d6 3. d4 cxd4 4. Nxd4 Nf6 5. Nc3 a6 6. f4 e6 7. Bd3 Be7 8. O-O
Qb6 9. Kh1 O-O 10. Nf3 Nc6 11. Qe2 Bd7 12. e5 dxe5 13. fxe5 Nd4 14. Ne4 Nd5 15.
Nxd4 Qxd4 16. Ng5 Qh4 17. Nxh7 Rfd8 18. c4 Nb4 19. Rf4 Qxf4 20. Bxf4 Nxd3 21.
Qxd3 Ba4 22. Qh3 Rd4 23. Bg5 Rad8 24. Rg1 Bxg5 25. Nxg5 Bc2 26. Qf3 Bf5 27.
Qxb7 Bg6 28. Qxa6 Rg4 29. Qb6 Re8 30. Qc6 Kf8 31. Qd6+ Kg8 {#} 32. Nf3 Rxc4 33.
b4 Rc2 34. a4 Be4 35. Ng5 Bd5 36. Qd7 Rf8 37. b5 Rfc8 38. Qxf7+ Kh8 39. Qh5+
Kg8 40. Qh7+ Kf8 41. Rf1+ Ke8 42. Qg8+ 1-0

[Event "Calviá ol (Men)"]
[Site "Mallorca (Spain)"]
[Date "2004.10.16"]
[Round "2.19"]
[White "Sveshnikov, Evgeny"]
[Black "Bischoff, Klaus"]
[Result "1-0"]
[WhiteElo "2512"]
[BlackElo "2559"]
[PlyCount "83"]
[EventDate "2004.10.15"]

1. e4 e6 2. d4 d5 3. e5 c5 4. c3 Nc6 5. Nf3 Bd7 6. Be3 cxd4 7. cxd4 Nge7 8. Bd3
h6 9. Nc3 Nc8 10. O-O a6 11. Nd2 Nb6 12. Rc1 Rc8 13. f4 g6 14. g4 Ne7 15. Qe2
h5 16. h3 hxg4 17. hxg4 Nc6 18. Nf3 Nb4 19. Bb1 Nc4 20. Kg2 Be7 21. Rh1 Rg8 22.
Bf2 Nc6 23. Rh7 Qb6 24. Na4 Qb5 25. Nc5 Bxc5 26. dxc5 Qxb2 27. Qxb2 Nxb2 28.
Rch1 Ne7 29. Ng5 Rf8 30. Rg7 Bc6 31. Bd4 Nc4 32. Rhh7 Kd7 33. Bxg6 Nxg6 34.
Rxg6 Rcd8 35. Rgg7 Kc8 36. Rxf7 Rxf7 37. Rxf7 Na3 38. Nf3 Nc2 39. Kg3 Bb5 40.
Bf2 Be2 41. Rg7 Bd3 42. Nd4 1-0

[Event "Calvia ol (Women)"]
[Site "Mallorca (Spain)"]
[Date "2004.10.16"]
[Round "2.4"]
[White "Maric, Alisa"]
[Black "Lematschko, Tatjana"]
[Result "1-0"]
[WhiteElo "2418"]
[BlackElo "2267"]
[PlyCount "67"]
[EventDate "2004.10.15"]

1. d4 c5 2. d5 e5 3. e4 d6 4. Nc3 g6 5. h4 a6 6. a4 Nf6 7. Be2 h5 8. Bg5 Be7 9.
Nf3 Bg4 10. Nd2 Bxe2 11. Qxe2 b6 12. Nc4 Nh7 13. Bxe7 Kxe7 14. f4 Nd7 15. O-O
f6 16. Qe3 Rb8 17. Qg3 Qg8 18. Ne2 Nhf8 19. Ra3 exf4 20. Nxf4 Ne5 21. Nxe5 fxe5
22. Ne2 Nd7 23. Qd3 a5 24. Qg3 Kd8 25. Nc3 g5 26. hxg5 Qg6 27. Rf5 Kc7 28. Nb5+
Kd8 29. Raf3 Rb7 30. Qh3 Rh7 31. Rf8+ Nxf8 32. Rxf8+ Ke7 33. Qc8 Rd7 34. Na7
1-0

[Event "Calvia ol (Women)"]
[Site "Mallorca (Spain)"]
[Date "2004.10.16"]
[Round "2.4"]
[White "Heinatz, Gundula"]
[Black "Bojkovic, Natasa"]
[Result "1-0"]
[WhiteElo "2244"]
[BlackElo "2398"]
[PlyCount "74"]
[EventDate "2004.10.15"]

1. Nf3 c5 2. c4 Nf6 3. g3 b6 4. Bg2 Bb7 5. Nc3 e6 6. O-O d6 7. d4 cxd4 8. Qxd4
a6 9. Bg5 Nbd7 10. Rfd1 Be7 11. Rac1 O-O 12. b3 h6 13. Bxf6 Nxf6 14. e4 Rb8 15.
h3 Nd7 16. Qe3 Qc7 17. Kh2 Rfe8 18. Nd4 Rbc8 19. Qe2 Qb8 20. Nc2 b5 21. Ne3 b4
22. Na4 Bc6 23. Nb2 Nc5 24. Nc2 Qb7 25. f3 d5 26. e5 Red8 27. Nd4 dxc4 28. Nxc6
Qxc6 29. Nxc4 Rxd1 30. Rxd1 Rd8 31. Rxd8+ Bxd8 32. Qd2 Bc7 33. Qxb4 Qd5 34. f4
Qd4 35. Qd2 Qa1 36. b4 Na4 37. Qd7 Bb6 1-0

[Event "Calvia ol (Women)"]
[Site "Mallorca (Spain)"]
[Date "2004.10.16"]
[Round "2.4"]
[White "Benderac, Ana"]
[Black "Seps, Monika"]
[Result "1-0"]
[WhiteElo "2299"]
[BlackElo "2077"]
[PlyCount "57"]
[EventDate "2004.10.15"]

1. d4 d5 2. Nf3 Nf6 3. e3 Bg4 4. c4 Bxf3 5. Qxf3 c6 6. Nc3 e6 7. cxd5 exd5 8.
Bd3 Bd6 9. O-O O-O 10. g4 Re8 11. g5 Nfd7 12. Qh5 Nf8 13. f4 Nbd7 14. Rf3 Bb4
15. Rh3 g6 16. Qh6 Bxc3 17. bxc3 f5 18. gxf6 Nxf6 19. f5 Re7 20. fxg6 Rg7 21.
Rg3 Nxg6 22. Bxg6 Rxg6 23. Rxg6+ hxg6 24. Qxg6+ Kh8 25. Qh6+ Nh7 26. e4 Qg8+
27. Kh1 Qg4 28. Bf4 Rg8 29. Be5+ 1-0

[Event "Calvia ol (Women)"]
[Site "Mallorca (Spain)"]
[Date "2004.10.16"]
[Round "2.7"]
[White "Berezina, Irina"]
[Black "Kachiani-G, Ketino"]
[Result "0-1"]
[WhiteElo "2281"]
[BlackElo "2441"]
[PlyCount "90"]
[EventDate "2004.10.15"]

1. d4 Nf6 2. c4 g6 3. Nc3 Bg7 4. e4 d6 5. Nf3 O-O 6. Be2 e5 7. O-O Nc6 8. d5
Ne7 9. Ne1 Nd7 10. Be3 f5 11. f3 a6 12. a4 f4 13. Bf2 g5 14. Nd3 Nf6 15. c5 Kh8
16. a5 Ng6 17. cxd6 cxd6 18. Na4 g4 19. Nb6 Rb8 20. Nxc8 Rxc8 21. Qb3 g3 22.
Be1 gxh2+ 23. Kh1 Qe7 24. Nf2 Rg8 25. Ng4 Nh5 26. Bf2 Ng3+ 27. Bxg3 fxg3 28.
Ne3 Qg5 29. Rfe1 Rc7 30. Bf1 Bh6 31. Qb6 Rd7 32. Ra3 Qf6 33. Nc4 Nf4 34. Rc3
Qg6 35. Rc2 Bg5 36. Ne3 h5 37. Qb3 Bd8 38. Qa4 Rf7 39. b4 h4 40. Ng4 Qh5 41.
Qb3 h3 42. gxh3 Nxh3 43. Bxh3 Qxh3 44. Qd3 Rgf8 45. Re3 Bg5 0-1

[Event "Calvia ol (Women)"]
[Site "Mallorca (Spain)"]
[Date "2004.10.16"]
[Round "2.7"]
[White "Nill, Jessica"]
[Black "Caoili, Arianne"]
[Result "1-0"]
[WhiteElo "2256"]
[BlackElo "2250"]
[PlyCount "129"]
[EventDate "2004.10.15"]

1. d4 Nf6 2. c4 e6 3. Nc3 Bb4 4. e3 O-O 5. Nge2 d5 6. a3 Bxc3+ 7. Nxc3 b6 8.
cxd5 exd5 9. Bd3 Bb7 10. O-O c5 11. dxc5 bxc5 12. Qc2 Nbd7 13. Rd1 Qe7 14. b3
Rac8 15. Qb1 Ne5 16. Bf5 Rb8 17. Bb2 Ng6 18. Qc2 Nh4 19. Bh3 Bc6 20. b4 Qb7 21.
b5 Bd7 22. Bxd7 Qxd7 23. Ne2 Qg4 24. Ng3 Rxb5 25. Bxf6 gxf6 26. Rxd5 Rfb8 27.
h3 Qg6 28. Rxc5 Rxc5 29. Qxc5 Qd3 30. Rc1 a6 31. Qc7 Re8 32. Qc6 Qd8 33. Rc4
Re6 34. Qb7 Rb6 35. Qc8 Qxc8 36. Rxc8+ Kg7 37. Nh5+ Kh6 38. Nf4 Rb3 39. Rc6
Rxa3 40. Rxf6+ Kg7 41. Rb6 h6 42. Kh2 Ra2 43. Kg3 Nf5+ 44. Kf3 Nh4+ 45. Kg4 Ng6
46. Nxg6 fxg6 47. Kg3 Ra3 48. Kf3 a5 49. g4 a4 50. h4 Kh7 51. Rb7+ Kg8 52. Ra7
Ra1 53. Ke4 Rg1 54. f3 Ra1 55. f4 a3 56. g5 hxg5 57. hxg5 a2 58. Ke5 Re1 59.
Rxa2 Rxe3+ 60. Kf6 Re4 61. Kxg6 Re6+ 62. Kf5 Rb6 63. Ra7 Rb5+ 64. Kg6 Rb6+ 65.
Kh5 1-0

[Event "Calvia ol (Women)"]
[Site "Mallorca (Spain)"]
[Date "2004.10.16"]
[Round "2.7"]
[White "Sorokina, Anastasia"]
[Black "Mietzner, Tina"]
[Result "0-1"]
[WhiteElo "2199"]
[BlackElo "2235"]
[PlyCount "76"]
[EventDate "2004.10.15"]

1. e4 c5 2. Nf3 d6 3. d4 Nf6 4. Nc3 cxd4 5. Nxd4 a6 6. Bc4 e6 7. Bb3 Nbd7 8.
O-O Nc5 9. Re1 Be7 10. f4 O-O 11. Qf3 Qc7 12. g4 b5 13. g5 Nfd7 14. Bd5 Bb7 15.
Bxb7 Qxb7 16. b4 Na4 17. Nxa4 bxa4 18. a3 Nb6 19. Be3 Rac8 20. Bf2 Rfd8 21.
Rad1 Nc4 22. Rd3 Nb2 23. Rc3 Rd7 24. Rxc8+ Qxc8 25. Re3 Rc7 26. Qh5 g6 27. Qe2
e5 28. Nf5 gxf5 29. c3 Rxc3 30. exf5 Rxe3 31. Bxe3 Qc3 32. Bf2 Nd3 33. f6 Bf8
34. f5 Qc1+ 35. Qf1 Qxf1+ 36. Kxf1 Nxf2 37. Kxf2 d5 38. Ke2 Bxb4 0-1

[Event "Calviá ol (Men)"]
[Site "Mallorca (Spain)"]
[Date "2004.10.17"]
[Round "3.29"]
[White "Korchnoi, Viktor"]
[Black "De La Riva Aguado, Oscar"]
[Result "1/2-1/2"]
[WhiteElo "2601"]
[BlackElo "2528"]
[PlyCount "116"]
[EventDate "2004.10.15"]

1. d4 d5 2. c4 c6 3. Nf3 Nf6 4. e3 Bg4 5. h3 Bh5 6. cxd5 Bxf3 7. gxf3 cxd5 8.
Qb3 Qd7 9. Nc3 Nc6 10. Bd2 e6 11. Rg1 g6 12. O-O-O Bd6 13. Kb1 O-O 14. f4 Kh8
15. Bd3 Rfc8 16. Rc1 Qe7 17. Nb5 Bb8 18. f3 a6 19. Nc3 Na5 20. Qd1 Nc4 21. e4
Ba7 22. Ne2 Nxd2+ 23. Qxd2 Nh5 24. exd5 exd5 25. f5 Kg7 26. Rce1 Qf6 27. Rg4
Rc6 28. Reg1 Re8 29. fxg6 hxg6 30. Nf4 Nxf4 31. Rxf4 Qe7 32. a3 Qe3 33. Qxe3
Rxe3 34. Bc2 Rf6 35. Rfg4 Rexf3 36. Ka2 Rxh3 37. Bb3 Rd3 38. Bxd5 b5 39. R1g2
Rd6 40. Bb7 Bxd4 41. Rc2 f5 42. Rgg2 Kf6 43. Rc8 Be3 44. Rf8+ Ke5 45. Re8+ Kd4
46. Ra8 f4 47. Rxa6 Rxa6 48. Bxa6 f3 49. Rxg6 Bf4 50. Rg1 Kc5 51. a4 Rd2 52.
Bxb5 Be5 53. Rg5 Kd6 54. Kb3 Rxb2+ 55. Kc4 f2 56. Rf5 Ra2 57. Kd3 Ke6 58. Rf3
Ra3+ 1/2-1/2

[Event "Calviá ol (Men)"]
[Site "Mallorca (Spain)"]
[Date "2004.10.17"]
[Round "3.29"]
[White "Forster, Richard"]
[Black "Simonet, Marc"]
[Result "1-0"]
[WhiteElo "2467"]
[BlackElo "2300"]
[PlyCount "67"]
[EventDate "2004.10.15"]

1. e4 c5 2. Nc3 Nc6 3. f4 g6 4. Nf3 Bg7 5. Bb5 Nd4 6. O-O a6 7. Bd3 e6 8. e5 d5
9. Nxd4 cxd4 10. Ne2 Qb6 11. b3 Ne7 12. Ba3 Nc6 13. Qe1 Bf8 14. Bxf8 Kxf8 15.
Qh4 Bd7 16. Rae1 Qd8 17. Qh6+ Kg8 18. f5 exf5 19. Nf4 Qf8 20. Qh4 Qe7 21. Qg3
Be6 22. Nh5 Kf8 23. Nf6 h5 24. Qh4 Kg7 25. Qg5 Nxe5 26. Rxe5 Qxf6 27. Qf4 Rac8
28. h3 h4 29. Rfe1 Rh5 30. Kh1 Qg5 31. Qxd4 Qf6 32. Qb6 f4 33. Rxe6 fxe6 34.
Rxe6 1-0

[Event "Calviá ol (Men)"]
[Site "Mallorca (Spain)"]
[Date "2004.10.17"]
[Round "3.29"]
[White "Garcia, Raul"]
[Black "Papa, Severin"]
[Result "0-1"]
[WhiteElo "2259"]
[BlackElo "2411"]
[PlyCount "68"]
[EventDate "2004.10.15"]

1. d4 d5 2. Nf3 Nf6 3. c4 e6 4. g3 dxc4 5. Qa4+ c6 6. Qxc4 b5 7. Qd3 Bb7 8. Bg2
Nbd7 9. O-O a6 10. Nc3 c5 11. dxc5 Bxc5 12. Bf4 O-O 13. Bd6 Bxd6 14. Qxd6 Nb6
15. Qf4 Rc8 16. Rac1 Qe7 17. Ne5 Bxg2 18. Kxg2 Nc4 19. Nd3 e5 20. Qh4 Qb7+ 21.
Kg1 e4 22. Nf4 Nxb2 23. g4 h6 24. Qg3 Rc5 25. Nb1 Nc4 26. h3 Qc7 27. Kh2 Nd2
28. Nxd2 Rxc1 29. Rxc1 Qxc1 30. Nb3 Qc7 31. g5 hxg5 32. Qxg5 Nh5 33. Qxh5 Qxf4+
34. Kg2 Re8 0-1

[Event "Calvia ol (Women)"]
[Site "Mallorca (Spain)"]
[Date "2004.10.17"]
[Round "3.1"]
[White "Kachiani-G, Ketino"]
[Black "Sergeeva, Maria"]
[Result "1-0"]
[WhiteElo "2441"]
[BlackElo "2308"]
[PlyCount "37"]
[EventDate "2004.10.15"]

1. d4 Nf6 2. c4 g6 3. Nc3 Bg7 4. e4 d6 5. Be2 O-O 6. Bg5 c5 7. d5 b5 8. cxb5 a6
9. a4 Qa5 10. Bd2 Qb4 11. f3 Nfd7 12. Qc1 Ne5 13. Nd1 Qd4 14. Bc3 Nd3+ 15. Bxd3
Qxd3 16. Ne2 axb5 17. Nf4 Qc4 18. Ne3 Qb3 19. Ra3 1-0

[Event "Calvia ol (Women)"]
[Site "Mallorca (Spain)"]
[Date "2004.10.17"]
[Round "3.1"]
[White "Zigangirova, Sofya"]
[Black "Paehtz, Elisabeth"]
[Result "0-1"]
[WhiteElo "2330"]
[BlackElo "2398"]
[PlyCount "72"]
[EventDate "2004.10.15"]

1. e4 c5 2. Nf3 e6 3. d4 cxd4 4. Nxd4 a6 5. Bd3 g6 6. c3 Bg7 7. O-O Ne7 8. f4
O-O 9. Be3 f5 10. exf5 gxf5 11. Qf3 Nbc6 12. Nxc6 bxc6 13. Na3 Rb8 14. Qf2 d6
15. Ba7 Ra8 16. Bb6 Qd7 17. Rfe1 c5 18. Nc4 Rb8 19. Ba5 Nd5 20. g3 Bb7 21. Bf1
Nf6 22. Rad1 d5 23. Nb6 Qc6 24. Nxd5 exd5 25. Qd2 Rf7 26. Bg2 Qa4 27. b4 d4 28.
Rb1 Ne4 29. Bxe4 fxe4 30. cxd4 cxd4 31. Qg2 e3 32. Qe2 Bf8 33. Rbd1 Bc6 34.
Qxa6 Qc2 35. Qe2 Qxe2 36. Rxe2 Bg7 0-1

[Event "Calvia ol (Women)"]
[Site "Mallorca (Spain)"]
[Date "2004.10.17"]
[Round "3.1"]
[White "Mietzner, Tina"]
[Black "Ankudinova, Yelena"]
[Result "1/2-1/2"]
[WhiteElo "2235"]
[BlackElo "2243"]
[PlyCount "82"]
[EventDate "2004.10.15"]

1. e4 e6 2. d4 d5 3. Nd2 Nf6 4. e5 Nfd7 5. Bd3 c5 6. c3 Nc6 7. Ne2 Be7 8. O-O
b6 9. f4 f5 10. exf6 Nxf6 11. Nf3 O-O 12. Kh1 Rb8 13. Ng3 Bd6 14. Ne5 Ne7 15.
Bd2 Qc7 16. Nh5 Nxh5 17. Qxh5 Nf5 18. g4 g6 19. Qh3 Ng7 20. Rf3 Ne8 21. Rg1
Bxe5 22. fxe5 Rxf3 23. Qxf3 c4 24. Bc2 Qe7 25. Rf1 Rb7 26. Bh6 Ng7 27. Bg5 Qe8
28. Qe2 b5 29. Rf3 Rf7 30. Rf6 Qf8 31. Qf3 Ne8 32. Rxf7 Qxf7 33. Kg2 Qxf3+ 34.
Kxf3 Kg7 35. Bd8 Bd7 36. Kf4 Kf7 37. h3 Kg7 38. h4 h6 39. Bb1 Bc6 40. Bc2 Bd7
41. Bb1 Bc6 1/2-1/2

[Event "Calvia ol (Women)"]
[Site "Mallorca (Spain)"]
[Date "2004.10.17"]
[Round "3.13"]
[White "Lematschko, Tatjana"]
[Black "Danielian, Elina"]
[Result "0-1"]
[WhiteElo "2267"]
[BlackElo "2437"]
[PlyCount "102"]
[EventDate "2004.10.15"]

1. e4 d5 2. exd5 Qxd5 3. Nf3 Nf6 4. Nc3 Qd6 5. Bc4 a6 6. a4 Bg4 7. h3 Bh5 8. g4
Bg6 9. d3 Nc6 10. Qe2 e6 11. Bd2 O-O-O 12. O-O-O Qc5 13. Rde1 Qa5 14. Bb3 Bb4
15. Rhg1 Nd7 16. Ne4 Bxe4 17. Qxe4 Nc5 18. Bxb4 Nxb3+ 19. cxb3 Qxb4 20. Qc4 Rd5
21. Kb1 Qb6 22. Qf4 Qxb3 23. Qc4 Qxd3+ 24. Qxd3 Rxd3 25. Ng5 Rd7 26. Re3 h6 27.
Nf3 Rhd8 28. g5 hxg5 29. Rxg5 Rd1+ 30. Kc2 Nb4+ 31. Kb3 Nd5 32. Rxg7 Nxe3 33.
fxe3 Rh1 34. Rxf7 Rxh3 35. Kc4 b6 36. b4 Rd1 37. Rf8+ Kb7 38. Rf4 Ra1 39. Kd4
Rxa4 40. Ke5 a5 41. Kxe6 Rxb4 42. e4 Rxf3 43. Rxf3 Rxe4+ 44. Kd5 Rb4 45. Ra3 a4
46. Ra1 c6+ 47. Kd6 Rd4+ 48. Ke5 c5 49. Rb1 Ka6 50. Rc1 Ka5 51. Ra1 Rd8 0-1

[Event "Calvia ol (Women)"]
[Site "Mallorca (Spain)"]
[Date "2004.10.17"]
[Round "3.13"]
[White "Mkrtchian, Lilit"]
[Black "Hund, Barbara"]
[Result "1/2-1/2"]
[WhiteElo "2374"]
[BlackElo "2240"]
[PlyCount "61"]
[EventDate "2004.10.15"]

1. e4 e5 2. Nf3 Nc6 3. Bb5 a6 4. Ba4 Nf6 5. O-O Be7 6. Qe2 b5 7. Bb3 O-O 8. c3
d6 9. Rd1 Na5 10. Bc2 c5 11. d4 cxd4 12. cxd4 Qc7 13. Nc3 Bg4 14. a3 Nc6 15.
Be3 exd4 16. Bxd4 Nxd4 17. Rxd4 Qc5 18. Rad1 Rfe8 19. Bb3 Qh5 20. R4d3 Bf8 21.
h3 Be6 22. Nd5 Nxd5 23. Bxd5 Rac8 24. Re3 Rc7 25. a4 bxa4 26. Qxa6 Rb8 27. Qxa4
Rxb2 28. Rb3 Rxb3 29. Qxb3 Qg6 30. Bxe6 Qxe6 31. Qxe6 1/2-1/2

[Event "Calvia ol (Women)"]
[Site "Mallorca (Spain)"]
[Date "2004.10.17"]
[Round "3.13"]
[White "Heinatz, Gundula"]
[Black "Andriasian, Siranush"]
[Result "1-0"]
[WhiteElo "2244"]
[BlackElo "2206"]
[PlyCount "65"]
[EventDate "2004.10.15"]

1. Nf3 Nf6 2. g3 d5 3. Bg2 c6 4. c4 g6 5. O-O Bg7 6. d4 O-O 7. Nc3 Ne4 8. Nxe4
dxe4 9. Ng5 f5 10. d5 h6 11. Nh3 e5 12. dxe6 Bxe6 13. Nf4 Bf7 14. h4 Kh7 15. c5
Qxd1 16. Rxd1 Na6 17. Be3 Rfd8 18. Rd6 Be5 19. Rdd1 Nb4 20. Rd2 Rxd2 21. Bxd2
Nxa2 22. h5 gxh5 23. Bh3 Rd8 24. Bxf5+ Kg7 25. Be3 a6 26. Bxe4 Nb4 27. Rb1 Nd5
28. Rd1 Bf6 29. Bd4 Bxd4 30. Rxd4 Kf6 31. Bf3 Kg5 32. e4 Nxf4 33. gxf4+ 1-0

[Event "Calvia ol (Men)"]
[Site "Mallorca (Spain)"]
[Date "2004.10.18"]
[Round "4.16"]
[White "Gallagher, Joseph G"]
[Black "Dautov, Rustem"]
[Result "1/2-1/2"]
[WhiteElo "2543"]
[BlackElo "2623"]
[PlyCount "59"]
[EventDate "2004.10.15"]

1. e4 c6 2. d4 d5 3. Nd2 dxe4 4. Nxe4 Bf5 5. Ng3 Bg6 6. h4 h6 7. Nf3 Nd7 8. h5
Bh7 9. Bd3 Bxd3 10. Qxd3 e6 11. Bf4 Qa5+ 12. Bd2 Bb4 13. c3 Be7 14. Ne4 Ngf6
15. Nxf6+ gxf6 16. Kf1 O-O-O 17. c4 Qa6 18. Qe2 c5 19. d5 Ne5 20. Nxe5 fxe5 21.
dxe6 Qxe6 22. Bc3 Rhe8 23. Qxe5 Qxc4+ 24. Kg1 Bg5 25. Qf5+ Kb8 26. g3 Rd5 27.
Qf3 Rd3 28. Qf5 Rd5 29. Qf3 Rd3 30. Qf5 1/2-1/2

[Event "Calvia ol (Men)"]
[Site "Mallorca (Spain)"]
[Date "2004.10.18"]
[Round "4.16"]
[White "Lutz, Christopher"]
[Black "Jenni, Florian"]
[Result "1/2-1/2"]
[WhiteElo "2596"]
[BlackElo "2503"]
[PlyCount "118"]
[EventDate "2004.10.15"]

1. e4 e5 2. Nf3 Nc6 3. Bb5 a6 4. Ba4 Nf6 5. O-O Be7 6. Re1 b5 7. Bb3 O-O 8. h3
Bb7 9. d3 d6 10. a3 Re8 11. Nc3 Qd7 12. Ng5 Nd8 13. f4 exf4 14. Bxf4 h6 15. Nf3
Ne6 16. Bh2 c5 17. Qd2 Bd8 18. Kh1 Ba5 19. Ba2 Qd8 20. Rab1 c4 21. b4 cxb3 22.
cxb3 d5 23. b4 dxe4 24. dxe4 Qxd2 25. Nxd2 Rad8 26. Nf3 Bb6 27. e5 Rd3 28. exf6
Rxc3 29. Rb3 Rxb3 30. Bxb3 gxf6 31. Bg1 Bxg1 32. Kxg1 Bxf3 33. gxf3 Kg7 34. Kf2
f5 35. Bd5 Re7 36. Bxe6 fxe6 37. Rc1 Kf6 38. Rc6 Ke5 39. Rxa6 Rc7 40. Rb6 Rc3
41. Kg3 f4+ 42. Kf2 Rxa3 43. Rxb5+ Kd4 44. Ra5 Rb3 45. Ra6 Rb2+ 46. Kg1 e5 47.
Rxh6 e4 48. fxe4 Ke3 49. Ra6 Rb1+ 50. Kh2 Rb2+ 51. Kg1 f3 52. Ra3+ Ke2 53. Ra1
Rxb4 54. Ra2+ Ke3 55. Ra3+ Kf4 56. Ra8 Rb1+ 57. Kf2 Rb2+ 58. Kf1 Rh2 59. e5
Kxe5 1/2-1/2

[Event "Calvia ol (Men)"]
[Site "Mallorca (Spain)"]
[Date "2004.10.18"]
[Round "4.16"]
[White "Papa, Severin"]
[Black "Kritz, Leonid"]
[Result "1/2-1/2"]
[WhiteElo "2411"]
[BlackElo "2543"]
[PlyCount "77"]
[EventDate "2004.10.15"]

1. d4 Nf6 2. c4 g6 3. Nc3 Bg7 4. e4 O-O 5. Bd3 d6 6. Nge2 Nbd7 7. Bc2 a6 8. O-O
c5 9. d5 b5 10. cxb5 axb5 11. Nxb5 Ba6 12. Nec3 Qb6 13. a4 Rfc8 14. Rb1 Ne8 15.
Be3 Qa5 16. Bd2 Nc7 17. b3 Qb6 18. Nxc7 Qxc7 19. Re1 Ne5 20. Re3 Rab8 21. Na2
Nd7 22. Bc3 Bd4 23. Rg3 Ne5 24. b4 Bxc3 25. Rxc3 Bc4 26. Bb3 cxb4 27. Rxc4 Nxc4
28. Rc1 Qa5 29. Bxc4 b3 30. Bxb3 Rxc1 31. Nxc1 Qc3 32. Kf1 Rb4 33. f3 Rd4 34.
Qe1 Rd2 35. Ne2 Qd3 36. Bc4 Qc2 37. Bb3 Qd3 38. Bc4 Qc2 39. Bb3 1/2-1/2

[Event "Calvia ol (Women)"]
[Site "Mallorca (Spain)"]
[Date "2004.10.18"]
[Round "4.1"]
[White "Xie, Jun"]
[Black "Kachiani-G, Ketino"]
[Result "1-0"]
[WhiteElo "2569"]
[BlackElo "2441"]
[PlyCount "85"]
[EventDate "2004.10.15"]

1. e4 c6 2. d4 d5 3. Nd2 dxe4 4. Nxe4 Bf5 5. Ng3 Bg6 6. h4 h6 7. Nf3 Nd7 8. h5
Bh7 9. Bd3 Bxd3 10. Qxd3 e6 11. Bd2 Ngf6 12. O-O-O Qc7 13. Ne4 Be7 14. Kb1 Rd8
15. Nxf6+ Nxf6 16. Qe2 c5 17. dxc5 Bxc5 18. Ne5 O-O 19. g4 Bd4 20. Nd3 Rd5 21.
Rhg1 Rc8 22. c3 Bc5 23. g5 hxg5 24. Bxg5 Be7 25. h6 g6 26. Bxf6 Bxf6 27. Rxg6+
fxg6 28. Qxe6+ Qf7 29. Qxc8+ Kh7 30. Qg4 a5 31. Nc1 Rxd1 32. Qxd1 Kxh6 33. Qh1+
Kg7 34. Qe4 b5 35. Nd3 Qd7 36. a3 g5 37. Kc2 Qf7 38. Qc6 Qc4 39. Qxc4 bxc4 40.
Nc5 g4 41. Ne4 Bh4 42. Kd2 Kg6 43. Ke2 1-0

[Event "Calvia ol (Women)"]
[Site "Mallorca (Spain)"]
[Date "2004.10.18"]
[Round "4.1"]
[White "Paehtz, Elisabeth"]
[Black "Xu, Yuhua"]
[Result "1/2-1/2"]
[WhiteElo "2398"]
[BlackElo "2487"]
[PlyCount "47"]
[EventDate "2004.10.15"]

1. e4 e5 2. Nf3 Nf6 3. Nxe5 d6 4. Nf3 Nxe4 5. Nc3 Nxc3 6. dxc3 Be7 7. Bf4 Nc6
8. Qd2 Bg4 9. Be2 Qd7 10. O-O-O O-O-O 11. h3 Be6 12. Nd4 Nxd4 13. cxd4 Qa4 14.
a3 Bd5 15. Rhe1 Rde8 16. Bg5 Bxg5 17. Qxg5 Be4 18. Rd2 Bg6 19. h4 f6 20. Qg4+
Qd7 21. Qxd7+ Kxd7 22. Bg4+ f5 23. Rxe8 Rxe8 24. Bf3 1/2-1/2

[Event "Calvia ol (Women)"]
[Site "Mallorca (Spain)"]
[Date "2004.10.18"]
[Round "4.1"]
[White "Huang, Qian"]
[Black "Nill, Jessica"]
[Result "1-0"]
[WhiteElo "2371"]
[BlackElo "2256"]
[PlyCount "103"]
[EventDate "2004.10.15"]

1. d4 d5 2. Nf3 Nf6 3. c4 c6 4. Nc3 dxc4 5. a4 Bf5 6. Ne5 e6 7. Nxc4 Nbd7 8. f3
Be7 9. e4 Bg6 10. Be3 O-O 11. Be2 b6 12. O-O a6 13. Ne5 Qc7 14. Nxd7 Qxd7 15.
Qb3 c5 16. dxc5 Bxc5 17. Bxc5 bxc5 18. Rfd1 Qc7 19. a5 Rfb8 20. Qc2 c4 21. Ra4
Qc5+ 22. Kh1 h6 23. Bxc4 Rb4 24. Bd3 Nh5 25. Rxb4 Qxb4 26. Ra1 Nf4 27. Bf1 e5
28. Ra4 Qc5 29. Qd2 Kh7 30. Ra1 Qb4 31. Nb1 Qe7 32. Na3 Rd8 33. Qc3 Rd4 34. Nc2
Rd6 35. Ne3 Qg5 36. Rd1 Rxd1 37. Nxd1 Bh5 38. Nf2 f6 39. Qe3 Kg8 40. b4 Kh7 41.
b5 axb5 42. a6 Be8 43. a7 Bc6 44. Qc5 Ba8 45. Qc8 Nxg2 46. Bxg2 Qe3 47. Kg1
Qxa7 48. Bh3 g6 49. Be6 h5 50. h4 g5 51. Qg8+ Kh6 52. Qh8+ 1-0